000 00648nam a2200205 a 4500
001 000023630
005 20200930022349.0
008 101215s1992 sp r 000 p spa d
020 _a8478201254
040 _aDO-SdBNP
_bspa
_cBNPHU
082 _annnn
_bZ35a
100 1 _aZapater, Alfonso,
_d1932-2007
_948696
245 1 0 _aAfirmación del ser /
_cAlfonso Zapater.
260 _aZaragoza :
_bInstitución Fernando el Católico,
_c1992.
300 _a62 p. ;
_c24 cm.
490 1 _aSan Jorge
_v64
500 _aIncluye datos biográficos del autor en la solapa de la cubierta
590 _aInventariado, 2019 /LP
830 0 _aSan Jorge
_v64
_914367
999 _c23126
_d23126